000 00505nam a2200217Ia 4500
003 OSt
005 20231003194910.0
008 210310s9999 xx 000 0 und d
020 _a#N/A
040 _aCO-JMCR
_cCO-JMCR
082 _a657.42 /
_bN494c
100 _aJohn j.w neuner
_935410
245 0 _aContabilidad de costos principios y practica
260 _c1954
300 _b#N/A
440 _a#N/A
_935411
500 _a#N/A
505 _a#N/A
650 _a#N/A
_935412
942 _2ddc
_cBK
999 _c15134
_d15134